000 00550nam a22002057a 4500
005 20190817161909.0
008 190817b xxu||||| |||| 00| 0 eng d
020 _a9788129522146
_cRs.400.00
040 _aLoreto College
041 _aBengali
082 _a891.442
_bGHO
100 _aGhosh,Ajitkumar
245 _aBangla nataker itihas
_cAjitkumar Ghosh
260 _aKolkata
_bDey's Publishing
_c2016
300 _a536p
_b22cm
504 _aIncludes index
650 _aDrama,Bengali - History and criticism
850 _aLCLIB
942 _cBK
999 _c42362
_d92841